| 000 | 00482nam a2200181Ia 4500 | ||
|---|---|---|---|
| 008 | 131103s9999 xx 000 0 und d | ||
| 020 | _a058607374 4 | ||
| 040 | _aLoreto College | ||
| 041 | _aEnglish | ||
| 082 |
_a813.54/HEM _bLCLIB/32072 |
||
| 100 | _aHemingway,Ernest | ||
| 245 | 4 |
_aThe Garden of Eden _cErnest Hemingway |
|
| 260 |
_aLondon _bGafton Books _c1987 |
||
| 300 |
_a267 p. _c 18 cm. |
||
| 650 | _aAmerican Fiction - 20th Century | ||
| 850 | _aLCLIB | ||
| 942 | _cBK | ||
| 999 |
_c12063 _d62542 |
||